<?xml version="1.0" encoding="UTF-8"?>
<record
    xmlns:xsi="http://www.w3.org/2001/XMLSchema-instance"
    xsi:schemaLocation="http://www.loc.gov/MARC21/slim http://www.loc.gov/standards/marcxml/schema/MARC21slim.xsd"
    xmlns="http://www.loc.gov/MARC21/slim">

  <leader>02113    a2200313   4500</leader>
  <controlfield tag="003">OSt</controlfield>
  <controlfield tag="005">20180116192328.0</controlfield>
  <controlfield tag="008">120508t        xxu||||| |||| 00| 0 eng d</controlfield>
  <datafield tag="020" ind1=" " ind2=" ">
    <subfield code="a">0750636327 (paperback)</subfield>
  </datafield>
  <datafield tag="020" ind1=" " ind2=" ">
    <subfield code="a">9780750636322 (paperback)</subfield>
  </datafield>
  <datafield tag="040" ind1=" " ind2=" ">
    <subfield code="c">0</subfield>
  </datafield>
  <datafield tag="082" ind1="0" ind2="4">
    <subfield code="a">711</subfield>
  </datafield>
  <datafield tag="100" ind1="1" ind2=" ">
    <subfield code="a">Carmona, Matthew.</subfield>
    <subfield code="9">1194</subfield>
  </datafield>
  <datafield tag="245" ind1="1" ind2="0">
    <subfield code="a">Public places - urban spaces /</subfield>
    <subfield code="c">Matthew Carmona, Tim Heath, Taner Oc, Steve Tiesdell.</subfield>
  </datafield>
  <datafield tag="250" ind1=" " ind2=" ">
    <subfield code="a">1st ed.</subfield>
  </datafield>
  <datafield tag="260" ind1=" " ind2=" ">
    <subfield code="a">Boston</subfield>
    <subfield code="b">Architectural Press,</subfield>
    <subfield code="c">2003.</subfield>
  </datafield>
  <datafield tag="300" ind1=" " ind2=" ">
    <subfield code="a">vii, 312p. ;</subfield>
    <subfield code="c">25 cm.</subfield>
  </datafield>
  <datafield tag="500" ind1=" " ind2=" ">
    <subfield code="a">Includes index</subfield>
  </datafield>
  <datafield tag="520" ind1=" " ind2=" ">
    <subfield code="a">Public Places - Urban Spaces is a holistic guide to the many complex and interacting dimensions of urban design. The discussion moves systematically through ideas, theories, research and the practice of urban design from an unrivalled range of sources. It aids the reader by gradually building the concepts one upon the other towards a total view of the subject. The author team explain the catalysts of change and renewal, and explore the global and local contexts and processes within which urban design operates. The book presents six key dimensions of urban design theory and practice - the social, visual, functional, temporal, morphological and perceptual - allowing it to be dipped into for specific information, or read from cover to cover. This is a clear and accessible text that provides a comprehensive discussion of this complex subject. * Learn all you need to know about design of urban spaces from this one-stop introductory guide *Gain a comprehensive overview of the topic through the authors' holistic approach *Complex ideas are presented logically for ease of understanding.</subfield>
  </datafield>
  <datafield tag="650" ind1=" " ind2=" ">
    <subfield code="a">City planning</subfield>
    <subfield code="9">1195</subfield>
  </datafield>
  <datafield tag="650" ind1=" " ind2=" ">
    <subfield code="a">Architectural design</subfield>
    <subfield code="9">1196</subfield>
  </datafield>
  <datafield tag="650" ind1=" " ind2=" ">
    <subfield code="a">Urban landscape architecture</subfield>
    <subfield code="9">1197</subfield>
  </datafield>
  <datafield tag="700" ind1="1" ind2=" ">
    <subfield code="a">Heath, Tim.</subfield>
    <subfield code="9">1198</subfield>
  </datafield>
  <datafield tag="700" ind1="1" ind2=" ">
    <subfield code="a">Oc, Taner.</subfield>
    <subfield code="9">1199</subfield>
  </datafield>
  <datafield tag="700" ind1="1" ind2=" ">
    <subfield code="a">Tiesdell, Steve.</subfield>
    <subfield code="9">1200</subfield>
  </datafield>
  <datafield tag="856" ind1="4" ind2="0">
    <subfield code="3">Amazon.com</subfield>
    <subfield code="u">http://www.amazon.com/exec/obidos/ASIN/0750636327/chopaconline-20</subfield>
  </datafield>
  <datafield tag="942" ind1=" " ind2=" ">
    <subfield code="a">SADA</subfield>
    <subfield code="c">BK</subfield>
    <subfield code="k">711 CAR 2003</subfield>
    <subfield code="2">ddc</subfield>
  </datafield>
  <datafield tag="999" ind1=" " ind2=" ">
    <subfield code="c">352256</subfield>
    <subfield code="d">352256</subfield>
  </datafield>
  <datafield tag="952" ind1=" " ind2=" ">
    <subfield code="0">0</subfield>
    <subfield code="1">0</subfield>
    <subfield code="2">ddc</subfield>
    <subfield code="4">0</subfield>
    <subfield code="7">0</subfield>
    <subfield code="a">SADA</subfield>
    <subfield code="b">SADA</subfield>
    <subfield code="d">2010-10-04</subfield>
    <subfield code="l">16</subfield>
    <subfield code="m">10</subfield>
    <subfield code="o">711 CAR 2003</subfield>
    <subfield code="p">SADA0000356</subfield>
    <subfield code="r">2024-12-26</subfield>
    <subfield code="s">2024-10-25</subfield>
    <subfield code="v">3681.00</subfield>
    <subfield code="w">2011-08-05</subfield>
    <subfield code="y">BK</subfield>
  </datafield>
</record>
